=LDR 00000nam 2200000 4500 =001 INLIS000000000041512 =005 20130612151037 =008 ***********************************ind** =035 ##$$0010-061300000041512 =041 ##$$a ind =082 ##$$a 910 =090 ##$$a 910, Mar m =100 ##$$a Dian Vita Ellyati =245 ##$$a Marco Polo, Kisah perjalanan di India, Hormuz, Persia, Madagaskar, dan Zanzibar =260 ##$$a 2009 $b Surabaya =300 ##$$a 134 hlm, 20 cm =850 ##$$a NBPNMAT =990 ##$$a 0001/BPAP-NTB/20142015